Taylor Swift songs starting with R - Statistics

General Stats
  • This quiz has been taken 72 times
    58 since last reset
  • The average score is 5 of 7
Answer Stats
Answer % Correct
Red
80%
Ronan
71%
Run (ft Ed Sheeran
71%
Right Where You Left Me
69%
...Ready For It?
67%
Robin
59%
Renegade (ft Big Red Machine)
37%
No matching quizzes found
Score Distribution
Percent of People with Each Score
Percentile by Number Answered
Your Score History
You have not taken this quiz since the last reset